Los nuevos retos de la protección de los derechos /
Analiza los desafíos que la actualidad le presenta al tema de los derechos humanos. Por ello tiene en cuenta las nuevas amenazas derivadas de los adelantos tecnológicos, especialmente el poder informático y el derecho a la intimidad. Se refiere a la tutela de los intereses difusos la eficiencia inm...
Spremljeno u:
| Glavni autor: | |
|---|---|
| Format: | Tekst |
| Teme: | |
| Oznake: |
Dodaj oznaku
Bez oznaka, Budi prvi tko označuje ovaj zapis!
|
MARC
| LEADER | 00000 a a2200000 04500 | ||
|---|---|---|---|
| 001 | 3794 | ||
| 003 | |||
| 040 | |||
| 100 | |a Fernández Segado, Francisco | ||
| 245 | |a Los nuevos retos de la protección de los derechos / |c Francisco Fernández Segado | ||
| 520 | |a Analiza los desafíos que la actualidad le presenta al tema de los derechos humanos. Por ello tiene en cuenta las nuevas amenazas derivadas de los adelantos tecnológicos, especialmente el poder informático y el derecho a la intimidad. Se refiere a la tutela de los intereses difusos |a la eficiencia inmediata de los derechos, para finalizar tratando el problema de la inconstitucionalidad por omisión. Doc/PAG | ||
| 650 | |a DERECHOS HUMANOS | ||
| 773 | |g volumen 15, número 4 (60); páginas 27-70 | ||
| 999 | |c 36888 |d 36888 | ||
